00489cam a22002051 4500001001300000003000400013005001700017008004100034010001700075035002000092040001800112042001200130050002000142100002000162245003900182260001100221300001900232500001500251999001700266sa 65009220 DLC20260227112200.0881028s1965 xx 000 0 beno  asa 65009220  a(OCoLC)23536676 aDLCcMiUdDLC apremarc00aPK1718.B377bM31 aBasu, Ramapati.10aMati Mañjilera Āmīra Jāna. c[1965] a221 p.c23 cm. aRomanized. c66083d66083